000 00356nam a2200145Ia 4500
008 230917s9999||||xx |||||||||||||| ||und||
040 _e82640
_aMAIN
041 _aEnglish
082 _a910.02 H956P
100 _aHusain, Majid, ed.
245 0 _aPhysical geography
260 _aNew Delhi
_bAnmol Publications
_c1994
300 _av, 507 p.
942 _cBK
999 _c76521
_d76521